Normal view
MARC view
- Baquedano, Elizabeth
Entry Nombre Personal
001 - NUMERO DE CONTROL
- campo de control: 39009
003 - IDENTIFICADOR DE NUMERO DE CONTROL
- campo de control: UPN
005 - FECHA Y HORA DE LA ÜLTIMA TRANSACCIÓN
- campo de control: 20210219194541.0
008 - DATOS DE LONGITUD FIJA
- campo de control de longitud fija: nabaccnnaabn|||||||||| b |nc|||||d
035 ## - NUMERO DE CONTROL
- Número de control: UPN11000011116
040 ## - FUENTE DE CATALOGACIÓN
- Lenguaje de catalogación: SPA
- Agencia de transcripción: UPN
100 1# - ENCABEZAMIENTO - NOMBRE PERSONAL
- Nombre personal: Baquedano, Elizabeth
670 ## - FUENTE EN LA QUE SE LOCALIZARON DATOS
- Cita de la fuente: T
- Información localizada: Doctora en arqueología
680 ## - NOTA PUBLICA DE ACCESO PÚBLICO
- : http://www.ies.sas.ac.uk/sites/default/files/files/LRBS/HoW_teachers_biogs.pdf
902 ## - CATALOGADOR
- Catalogador: MCM/300816
